[Event "32. Copenhagen Open (Politiken Cup)"]
[Site "Elsinore"]
[Date "2010.08.04"]
[Round "6"]
[White "Christensen, Klaus"]
[Black "Laursen, Niels Norskov"]
[Result "1-0"]
[WhiteElo "2009"]
[BlackElo "2215"]
[PlyCount "55"]
[EventDate "2010.07.31"]
[EventType "swiss"]
[EventRounds "10"]
[EventCountry "DEN"]
[Source "ChessBase"]
[SourceDate "2010.09.01"]

1. d4 Nf6 2. c4 c5 3. Nf3 cxd4 4. Nxd4 e5 5. Nb5 d5 6. cxd5 Bc5 7. N5c3 O-O 8.
g3 Re8 9. h3 e4 10. e3 a6 11. a3 Bf5 12. b4 Bd6 13. Bb2 Bg6 14. Nd2 Nbd7 15.
Nc4 Ne5 16. Nxe5 Bxe5 17. Qd2 Rc8 18. Rd1 Qd6 19. Ne2 Nd7 20. Nf4 Rc7 21. Rc1
Bxb2 22. Rxc7 Bxa3 23. Rxb7 Nb6 24. Kd1 Bxb4 25. Qd4 Ba5 26. Bxa6 Rc8 27. Ke2
Bc3 28. Qxb6 1-0

[Event "32. Copenhagen Open (Politiken Cup)"]
[Site "Elsinore"]
[Date "2010.08.04"]
[Round "6"]
[White "Christensen, Svend Ellegaard"]
[Black "Ostergaard, Rasmus"]
[Result "1-0"]
[WhiteElo "2226"]
[BlackElo "2145"]
[PlyCount "101"]
[EventDate "2010.07.31"]
[EventType "swiss"]
[EventRounds "10"]
[EventCountry "DEN"]
[Source "ChessBase"]
[SourceDate "2010.09.01"]

1. e4 e5 2. Nf3 Nc6 3. d3 Nf6 4. Be2 Be7 5. Nbd2 d5 6. h3 O-O 7. c3 a5 8. Qc2
Re8 9. g4 dxe4 10. dxe4 Bc5 11. Nf1 Nd7 12. Rg1 Nf8 13. Bg5 Be7 14. Bd2 Be6 15.
Ng3 Ng6 16. Nf5 Bf8 17. Rd1 Qc8 18. a4 Nb8 19. h4 Nd7 20. h5 Nf4 21. Bxf4 exf4
22. Qd2 Nc5 23. Qxf4 Bxf5 24. exf5 Re4 25. Qd2 Bd6 26. Kf1 Qe8 27. Bb5 Qe7 28.
g5 Bf4 29. Qc2 c6 30. Bd3 Nxd3 31. Qxd3 Re8 32. Rg4 f6 33. g6 h6 34. Kg2 Rxa4
35. Re1 Qd8 36. b3 Be5 37. Rd4 Bxd4 38. Rxe8+ Qxe8 39. bxa4 Bb6 40. Qb1 Qd8 41.
Qb3+ Kh8 42. Qf7 Qc8 43. Nh2 Bc5 44. Ng4 b5 45. Nxf6 Qf8 46. Nd7 Qxf7 47. gxf7
Be7 48. Ne5 Bd6 49. Nxc6 bxa4 50. Nxa5 g5 51. f6 1-0

[Event "32. Copenhagen Open (Politiken Cup)"]
[Site "Elsinore"]
[Date "2010.08.04"]
[Round "6"]
[White "Christiansen, Johan Sebastian"]
[Black "Rasmussen, Ole H"]
[Result "0-1"]
[WhiteElo "1921"]
[BlackElo "1746"]
[PlyCount "90"]
[EventDate "2010.07.31"]
[EventType "swiss"]
[EventRounds "10"]
[EventCountry "DEN"]
[Source "ChessBase"]
[SourceDate "2010.09.01"]

1. c4 Nf6 2. Nc3 e5 3. Nf3 Nc6 4. g3 Bb4 5. Qc2 O-O 6. Bg2 Re8 7. d3 Bxc3+ 8.
Qxc3 d6 9. O-O h6 10. Rd1 Be6 11. b3 Qc8 12. Nh4 Ne7 13. e4 Bh3 14. Bh1 Rb8 15.
Be3 b6 16. a4 a5 17. Qd2 Ng4 18. f3 Nxe3 19. Qxe3 f5 20. Ra2 Rf8 21. Ng2 fxe4
22. Qxe4 Bf5 23. Qe3 Qe8 24. Re1 Ng6 25. Rae2 Bd7 26. Rd1 Bc6 27. Ne1 Ba8 28.
Qd2 Qf7 29. Bg2 h5 30. Qe3 h4 31. Qg5 hxg3 32. hxg3 Qf6 33. Qh5 Qf5 34. Qh2 Kf7
35. Bh3 Qg5 36. Qg2 Rh8 37. d4 Rbd8 38. Nd3 Rh6 39. Nf2 Rdh8 40. b4 Ne7 41. c5
Nf5 42. Bxf5 Qxf5 43. Re3 Qh7 44. Qf1 Rh1+ 45. Nxh1 Qh2# 0-1

[Event "32. Copenhagen Open (Politiken Cup)"]
[Site "Elsinore"]
[Date "2010.08.04"]
[Round "6"]
[White "Dam, Vagnur"]
[Black "Rolvag, Birk Anders"]
[Result "1/2-1/2"]
[WhiteElo "1673"]
[BlackElo "1919"]
[PlyCount "67"]
[EventDate "2010.07.31"]
[EventType "swiss"]
[EventRounds "10"]
[EventCountry "DEN"]
[Source "ChessBase"]
[SourceDate "2010.09.01"]

1. d4 d5 2. c4 e6 3. Nf3 Nf6 4. g3 dxc4 5. Qa4+ Nbd7 6. Qxc4 a6 7. Bg2 b5 8.
Qc2 Bb7 9. O-O c5 10. b3 Rc8 11. Qd1 Be7 12. Bb2 O-O 13. Nbd2 c4 14. bxc4 bxc4
15. Rc1 Nb6 16. Ne5 Bxg2 17. Kxg2 Bb4 18. Nb1 Nfd5 19. Nc3 f6 20. Nf3 Nxc3 21.
Bxc3 a5 22. e4 f5 23. exf5 Rxf5 24. Ne5 Qd5+ 25. Kg1 Qb5 26. Qe2 Qd5 27. Qe1
Bxc3 28. Qxc3 Na4 29. Qe3 Nb6 30. Rfe1 Rf6 31. Ng4 Rg6 32. Ne5 Rf6 33. Ng4 Rg6
34. Ne5 1/2-1/2

[Event "32. Copenhagen Open (Politiken Cup)"]
[Site "Elsinore"]
[Date "2010.08.04"]
[Round "6"]
[White "Danielsen, Henrik"]
[Black "Carstensen, Jacob"]
[Result "1-0"]
[WhiteElo "2512"]
[BlackElo "2295"]
[PlyCount "93"]
[EventDate "2010.07.31"]
[EventType "swiss"]
[EventRounds "10"]
[EventCountry "DEN"]
[Source "ChessBase"]
[SourceDate "2010.09.01"]

1. c4 e5 2. g3 Nf6 3. Bg2 Bc5 4. Nc3 O-O 5. a3 a5 6. e3 Nc6 7. Nge2 d6 8. h3
Re8 9. d3 Ba7 10. O-O Ne7 11. e4 c6 12. Bg5 Ng6 13. Kh1 h6 14. Bd2 Be6 15. f4
exf4 16. gxf4 Nh4 17. f5 Bc8 18. Nf4 Nxg2 19. Kxg2 b5 20. cxb5 d5 21. Nh5 d4
22. Nxf6+ Qxf6 23. Ne2 cxb5 24. Ng3 Bb8 25. Nh5 Qh4 26. Be1 Qg5+ 27. Kh1 Bb7
28. Qf3 Qe3 29. Qxe3 dxe3 30. Rg1 Be5 31. Nxg7 Rec8 32. Nh5+ Kf8 33. Bg3 Rc5
34. Bxe5 Rxe5 35. Kh2 Rd8 36. Nf4 Bxe4 37. dxe4 Rxe4 38. Kg3 Rd2 39. Rac1 e2
40. Kf3 Re5 41. f6 Rxb2 42. Rc8+ Re8 43. Rg8+ Kxg8 44. Rxe8+ Kh7 45. Rxe2 Rb3+
46. Kg4 Rxa3 47. Re7 1-0

[Event "32. Copenhagen Open (Politiken Cup)"]
[Site "Elsinore"]
[Date "2010.08.04"]
[Round "6"]
[White "Dyrgaard, Kristoffer"]
[Black "Hornsgaard, Jens Boe"]
[Result "1-0"]
[WhiteElo "2254"]
[BlackElo "2044"]
[PlyCount "45"]
[EventDate "2010.07.31"]
[EventType "swiss"]
[EventRounds "10"]
[EventCountry "DEN"]
[Source "ChessBase"]
[SourceDate "2010.09.01"]

1. e4 c5 2. Nf3 d6 3. d4 cxd4 4. Nxd4 Nf6 5. Nc3 g6 6. Be3 Bg7 7. f3 O-O 8. Qd2
Nc6 9. Bc4 Bd7 10. h4 Rc8 11. Bb3 h5 12. O-O-O Ne5 13. Bg5 Rc5 14. Kb1 b5 15.
g4 a5 16. gxh5 a4 17. h6 Bh8 18. h7+ Kxh7 19. h5 axb3 20. hxg6+ Kg7 21. Bxf6+
Kxf6 22. Qf4+ Bf5 23. Qh4+ 1-0

[Event "32. Copenhagen Open (Politiken Cup)"]
[Site "Elsinore"]
[Date "2010.08.04"]
[Round "6"]
[White "Eisele, Per"]
[Black "Hansen, Rene Rauer"]
[Result "1-0"]
[WhiteElo "1804"]
[BlackElo "2028"]
[PlyCount "113"]
[EventDate "2010.07.31"]
[EventType "swiss"]
[EventRounds "10"]
[EventCountry "DEN"]
[Source "ChessBase"]
[SourceDate "2010.09.01"]

1. Nc3 d5 2. e4 d4 3. Nce2 e5 4. Ng3 Bd6 5. Bc4 Ne7 6. d3 Nbc6 7. Qh5 O-O 8.
Nh3 Bxh3 9. gxh3 Na5 10. Bh6 Nxc4 11. Rg1 Ng6 12. dxc4 gxh6 13. Qxh6 Kh8 14.
Nf5 Rg8 15. Rg5 Qxg5 16. Qxg5 Bf8 17. Qf6+ Bg7 18. Qxf7 Nf4 19. O-O-O Nxh3 20.
f3 Ng5 21. Qh5 Ne6 22. b3 Nf4 23. Qf7 Raf8 24. Qxc7 Bf6 25. Qxb7 Rg2 26. c5
Ne2+ 27. Kb2 Nc3 28. Rd3 Rgg8 29. c6 Rb8 30. Qf7 Na4+ 31. Ka3 Rgf8 32. Qxf8+
Rxf8 33. Kxa4 Rc8 34. Kb5 a6+ 35. Kb6 Bd8+ 36. Kc5 Bc7 37. c3 Rb8 38. cxd4 exd4
39. h4 Bb6+ 40. Kc4 Rc8 41. Nxd4 Bxd4 42. Kxd4 Rxc6 43. e5 Rh6 44. Kc5 Rxh4 45.
Kb6 Rh5 46. f4 Rf5 47. Rf3 h5 48. Kxa6 Kg7 49. b4 Rf8 50. a4 Ra8+ 51. Kb5 Rb8+
52. Kc4 Rc8+ 53. Kd5 Rd8+ 54. Ke4 Rc8 55. Rb3 Rc4+ 56. Kf5 h4 57. a5 1-0

[Event "32. Copenhagen Open (Politiken Cup)"]
[Site "Elsinore"]
[Date "2010.08.04"]
[Round "6"]
[White "Eriksson, Christian Altenburg"]
[Black "Hjornevik, Knut Jarle"]
[Result "1-0"]
[WhiteElo "2128"]
[BlackElo "1981"]
[PlyCount "57"]
[EventDate "2010.07.31"]
[EventType "swiss"]
[EventRounds "10"]
[EventCountry "DEN"]
[Source "ChessBase"]
[SourceDate "2010.09.01"]

1. e4 d5 2. exd5 Qxd5 3. Nc3 Qd6 4. d4 Nf6 5. Nf3 c6 6. h3 Bf5 7. g4 Bg6 8. Ne5
Nd5 9. Nxd5 Qxd5 10. f3 f6 11. Nxg6 hxg6 12. Qd3 f5 13. c4 Qe6+ 14. Be2 Na6 15.
Bd2 Nc7 16. O-O-O O-O-O 17. Bf4 Na6 18. Rhe1 Qf7 19. Qe3 Rxh3 20. d5 fxg4 21.
dxc6 Rxd1+ 22. Rxd1 e5 23. cxb7+ Kxb7 24. Qe4+ Kb6 25. Be3+ Kc7 26. Qxe5+ Kc8
27. Bg5 gxf3 28. Bf1 Nb4 29. Bxh3+ 1-0

[Event "32. Copenhagen Open (Politiken Cup)"]
[Site "Elsinore"]
[Date "2010.08.04"]
[Round "6"]
[White "Fjellengen, Baard"]
[Black "Schmied, Andreas"]
[Result "1/2-1/2"]
[WhiteElo "1909"]
[BlackElo "2069"]
[PlyCount "40"]
[EventDate "2010.07.31"]
[EventType "swiss"]
[EventRounds "10"]
[EventCountry "DEN"]
[Source "ChessBase"]
[SourceDate "2010.09.01"]

1. d4 Nf6 2. Nf3 g6 3. e3 Bg7 4. Bd3 c5 5. c3 cxd4 6. exd4 O-O 7. O-O d6 8.
Nbd2 Nbd7 9. Re1 b6 10. Ne4 Bb7 11. Bg5 Bxe4 12. Bxe4 Nxe4 13. Rxe4 f6 14. Qb3+
Kh8 15. Bd2 e5 16. Re2 Qc7 17. Rae1 Rac8 18. h3 Qc4 19. Qa3 Qc7 20. Qb3 Qc4
1/2-1/2

[Event "32. Copenhagen Open (Politiken Cup)"]
[Site "Elsinore"]
[Date "2010.08.04"]
[Round "6"]
[White "Greeuw, Sietske"]
[Black "Taylor, Graham Christopher"]
[Result "0-1"]
[WhiteElo "1970"]
[BlackElo "2160"]
[PlyCount "68"]
[EventDate "2010.07.31"]
[EventType "swiss"]
[EventRounds "10"]
[EventCountry "DEN"]
[Source "ChessBase"]
[SourceDate "2010.09.01"]

1. d4 Nf6 2. Bg5 e6 3. e4 h6 4. Bxf6 Qxf6 5. c3 d5 6. e5 Qd8 7. Bd3 c5 8. Ne2
Nc6 9. O-O Qb6 10. b3 Bd7 11. Bc2 cxd4 12. cxd4 Nb4 13. Nbc3 Nxc2 14. Qxc2 Be7
15. Rac1 O-O 16. Qd3 Ba3 17. Rcd1 a5 18. f4 f5 19. exf6 Rxf6 20. f5 Raf8 21.
fxe6 Bxe6 22. Rxf6 Rxf6 23. Rf1 Bf7 24. Rxf6 Qxf6 25. Qb5 Qg5 26. Qxb7 Qe3+ 27.
Kf1 Bb2 28. Qc8+ Kh7 29. Qf5+ Bg6 30. Qf2 Qd2 31. Nxd5 Bd3 32. Ndf4 Qc1+ 33.
Qe1 Qxf4+ 34. Kg1 Qe3+ 0-1

[Event "32. Copenhagen Open (Politiken Cup)"]
[Site "Elsinore"]
[Date "2010.08.04"]
[Round "6"]
[White "Gupta, Sudhir Kumar"]
[Black "Tozaki, Halil"]
[Result "0-1"]
[WhiteElo "1835"]
[BlackElo "2030"]
[PlyCount "90"]
[EventDate "2010.07.31"]
[EventType "swiss"]
[EventRounds "10"]
[EventCountry "DEN"]
[Source "ChessBase"]
[SourceDate "2010.09.01"]

1. d4 d5 2. c4 c6 3. cxd5 cxd5 4. Nf3 Nf6 5. g3 Nc6 6. Bg2 Bf5 7. Bd2 e6 8. O-O
Bd6 9. Nc3 a6 10. Rc1 O-O 11. Na4 Rc8 12. Qb3 b5 13. Nc3 Na5 14. Qd1 Nc4 15. b3
Nxd2 16. Qxd2 Bb4 17. Qb2 Qa5 18. Nb1 h6 19. a3 Bd6 20. b4 Qb6 21. Nbd2 a5 22.
Ne5 axb4 23. axb4 Bxe5 24. dxe5 Nd7 25. e4 dxe4 26. Nxe4 Bxe4 27. Bxe4 Qb8 28.
f4 Nb6 29. Rxc8 Rxc8 30. Rc1 Nc4 31. Qe2 Rd8 32. Rd1 Qb6+ 33. Kh1 g6 34. Rxd8+
Qxd8 35. Qd3 Qe7 36. Bxg6 fxg6 37. Qxg6+ Kf8 38. Qxh6+ Ke8 39. Qg6+ Qf7 40. Qe4
Qd7 41. Qg6+ Kd8 42. Qg8+ Kc7 43. Qf8 Qd1+ 44. Kg2 Ne3+ 45. Kh3 Qh5# 0-1

[Event "32. Copenhagen Open (Politiken Cup)"]
[Site "Elsinore"]
[Date "2010.08.04"]
[Round "6"]
[White "Hansen, Morten Moller"]
[Black "Gislason, Gudmundur"]
[Result "0-1"]
[WhiteElo "2154"]
[BlackElo "2351"]
[PlyCount "50"]
[EventDate "2010.07.31"]
[EventType "swiss"]
[EventRounds "10"]
[EventCountry "DEN"]
[Source "ChessBase"]
[SourceDate "2010.09.01"]

1. d4 Nf6 2. c4 g6 3. Nc3 d5 4. e3 Bg7 5. Nf3 O-O 6. b3 c5 7. Bb2 Bg4 8. Be2
cxd4 9. exd4 dxc4 10. bxc4 Nc6 11. Na4 Na5 12. Ne5 Bxe2 13. Qxe2 Nd7 14. f4 Rc8
15. c5 Nxe5 16. dxe5 Qd7 17. Nc3 Rxc5 18. Ne4 Rc4 19. Bc3 Qc6 20. O-O Rxe4 21.
Qd3 Qc4 22. Qxc4 Nxc4 23. Rab1 b6 24. Bb4 Re8 25. g3 f6 0-1

[Event "32. Copenhagen Open (Politiken Cup)"]
[Site "Elsinore"]
[Date "2010.08.04"]
[Round "6"]
[White "Hansen, Sune Berg"]
[Black "Baklan, Vladimir"]
[Result "1/2-1/2"]
[WhiteElo "2595"]
[BlackElo "2638"]
[PlyCount "28"]
[EventDate "2010.07.31"]
[EventType "swiss"]
[EventRounds "10"]
[EventCountry "DEN"]
[Source "ChessBase"]
[SourceDate "2010.09.01"]

1. d4 Nf6 2. Nf3 e6 3. c4 b6 4. g3 Bb7 5. Bg2 Be7 6. O-O O-O 7. Re1 a5 8. Bf4
Na6 9. Ne5 Bxg2 10. Kxg2 d5 11. Nc3 dxc4 12. Nxc4 Nd5 13. Ne5 Nxf4+ 14. gxf4
Bd6 1/2-1/2

[Event "32. Copenhagen Open (Politiken Cup)"]
[Site "Elsinore"]
[Date "2010.08.04"]
[Round "6"]
[White "Harstad, Christian"]
[Black "Larsen, Karsten"]
[Result "0-1"]
[WhiteElo "2044"]
[BlackElo "2293"]
[PlyCount "96"]
[EventDate "2010.07.31"]
[EventType "swiss"]
[EventRounds "10"]
[EventCountry "DEN"]
[Source "ChessBase"]
[SourceDate "2010.09.01"]

1. d4 d5 2. c4 e6 3. Nc3 Nf6 4. Nf3 Bb4 5. Qa4+ Nc6 6. a3 Bxc3+ 7. bxc3 Ne4 8.
Qc2 Na5 9. e3 O-O 10. Bd3 Nf6 11. cxd5 exd5 12. a4 Re8 13. Ne5 c5 14. O-O c4
15. Bf5 g6 16. Bxc8 Rxc8 17. f3 Nc6 18. Nxc6 Rxc6 19. Bd2 b6 20. Rf2 Rce6 21.
Re2 Qd7 22. Rae1 Qc6 23. g4 R8e7 24. g5 Ne8 25. e4 Nd6 26. e5 Nf5 27. Bc1 Rb7
28. Ba3 Re8 29. Kf2 Qe6 30. Rh1 Nh4 31. Kg3 Nf5+ 32. Kf2 b5 33. a5 b4 34. Bxb4
Nxd4 35. cxd4 Rxb4 36. h4 Reb8 37. h5 Rb3 38. hxg6 fxg6 39. Kg3 Rf8 40. Rf2 Rf5
41. Qd2 Rd3 42. Qc1 Qe7 43. Rh4 Rxg5+ 44. Kh3 Rf5 45. Qb1 Rdxf3+ 46. Rxf3 Rxf3+
47. Kg4 Rb3 48. Qh1 h5+ 0-1

[Event "32. Copenhagen Open (Politiken Cup)"]
[Site "Elsinore"]
[Date "2010.08.04"]
[Round "6"]
[White "Haubro, Martin"]
[Black "Brondum, Eric"]
[Result "1-0"]
[WhiteElo "1991"]
[BlackElo "2145"]
[PlyCount "53"]
[EventDate "2010.07.31"]
[EventType "swiss"]
[EventRounds "10"]
[EventCountry "DEN"]
[Source "ChessBase"]
[SourceDate "2010.09.01"]

1. e4 g6 2. d4 Bg7 3. Be3 d6 4. Nc3 a6 5. h3 b5 6. a3 Bb7 7. g4 Nd7 8. Bg2 c5
9. Nge2 Rc8 10. Ng3 Qc7 11. Nd5 Qb8 12. O-O e6 13. Nc3 Ne7 14. f4 O-O 15. f5
Qc7 16. dxc5 dxc5 17. Bf4 Ne5 18. g5 Rcd8 19. Qe1 N7c6 20. f6 Bh8 21. Nge2 Qb6
22. Qh4 b4 23. Nd1 Nc4 24. b3 Nd2 25. Rf2 bxa3 26. Nec3 c4 27. Be3 1-0

[Event "32. Copenhagen Open (Politiken Cup)"]
[Site "Elsinore"]
[Date "2010.08.04"]
[Round "6"]
[White "Haubro, Sigfred"]
[Black "Larsen, Tor Ketil"]
[Result "1-0"]
[WhiteElo "2166"]
[BlackElo "2022"]
[PlyCount "59"]
[EventDate "2010.07.31"]
[EventType "swiss"]
[EventRounds "10"]
[EventCountry "DEN"]
[Source "ChessBase"]
[SourceDate "2010.09.01"]

1. e4 d6 2. d4 Nf6 3. Nc3 g6 4. h3 c6 5. Be3 b5 6. a3 a6 7. g4 h6 8. Bg2 Bb7 9.
Nge2 Qc7 10. Qd2 Nbd7 11. Ng3 Nb6 12. b3 c5 13. d5 Bg7 14. O-O Nfd7 15. Rad1
Rc8 16. Nce2 c4 17. Bd4 O-O 18. f4 cxb3 19. cxb3 Qc2 20. Qe3 Bxd4 21. Nxd4 Qb2
22. Rd2 Qxa3 23. f5 Nc4 24. Qxh6 Nxd2 25. fxg6 fxg6 26. Qxg6+ Kh8 27. Ngf5 Rxf5
28. Nxf5 Qc5+ 29. Kh1 Qc3 30. Qh6+ 1-0

[Event "32. Copenhagen Open (Politiken Cup)"]
[Site "Elsinore"]
[Date "2010.08.04"]
[Round "6"]
[White "Helin, Mikael"]
[Black "Rostgaard, Tobias Valentin"]
[Result "0-1"]
[WhiteElo "1930"]
[BlackElo "2103"]
[PlyCount "136"]
[EventDate "2010.07.31"]
[EventType "swiss"]
[EventRounds "10"]
[EventCountry "DEN"]
[Source "ChessBase"]
[SourceDate "2010.09.01"]

1. e4 c5 2. Nc3 g6 3. g3 Nc6 4. Bg2 Bg7 5. d3 d6 6. Nge2 Nd4 7. O-O Rb8 8. f4
b5 9. Nxd4 cxd4 10. Ne2 e6 11. h3 Ne7 12. g4 f5 13. Ng3 O-O 14. gxf5 exf5 15.
Bd2 Bb7 16. Ne2 Qb6 17. Kh2 Bc6 18. c3 fxe4 19. dxe4 Qb7 20. Nxd4 Bxd4 21. cxd4
Bxe4 22. Bxe4 Qxe4 23. Re1 Qb7 24. Qe2 Nf5 25. Qe6+ Kg7 26. Qb3 Nh4 27. d5 Rbe8
28. Qg3 Nf5 29. Qd3 Qb6 30. Kg2 b4 31. Re6 Rxe6 32. dxe6 Qc6+ 33. Kh2 Nh4 34.
Qe2 Re8 35. Rc1 Rxe6 36. Qf2 Qb7 37. Kg3 Nf5+ 38. Kh2 Qe7 39. Re1 Rxe1 40. Qxe1
Qxe1 41. Bxe1 a5 42. Bf2 Kf6 43. Bb6 a4 44. b3 axb3 45. axb3 Ne7 46. Kg3 Kf5
47. Ba5 Nd5 48. Kf3 h5 49. h4 Nxf4 50. Bxb4 d5 51. Bd2 Ne6 52. b4 Ke5 53. Ke3
d4+ 54. Kd3 Kd5 55. Bc1 Nc7 56. Bb2 Ne6 57. Bc1 Nd8 58. Bb2 Nc6 59. b5 Ne5+ 60.
Ke2 d3+ 61. Kd1 Nc4 62. Bc1 Kc5 63. b6 Kxb6 64. Bh6 Kc5 65. Bf8+ Kd4 66. Bh6
Ke4 67. Bg5 Ne5 68. Bh6 Nf3 0-1

[Event "32. Copenhagen Open (Politiken Cup)"]
[Site "Elsinore"]
[Date "2010.08.04"]
[Round "6"]
[White "Hillarp Persson, Tiger"]
[Black "Andersen, Jackie"]
[Result "1/2-1/2"]
[WhiteElo "2538"]
[BlackElo "2276"]
[PlyCount "211"]
[EventDate "2010.07.31"]
[EventType "swiss"]
[EventRounds "10"]
[EventCountry "DEN"]
[Source "ChessBase"]
[SourceDate "2010.09.01"]

1. e4 g6 2. d4 Nf6 3. e5 Nh5 4. Nf3 d6 5. Bc4 dxe5 6. Nxe5 e6 7. Qf3 f6 8. Nd3
Qxd4 9. Bb3 e5 10. Nc3 Qg4 11. Qd5 Qd7 12. g4 Ng7 13. Ne4 Qe7 14. g5 Nd7 15.
Qxd7+ Kxd7 16. gxf6 Qe8 17. fxg7 Bxg7 18. Bg5 Qf8 19. O-O-O Kc6 20. Nc3 Bg4 21.
Ba4+ b5 22. Bxb5+ Kb7 23. Rd2 Bh6 24. h4 Rd8 25. Re1 Bxg5 26. hxg5 h5 27. gxh6
Rxh6 28. a3 Rh2 29. Ne4 Bf5 30. Ndc5+ Kb6 31. Bd3 Rd4 32. Rde2 Bxe4 33. Nxe4
Qh6+ 34. Kb1 Rh1 35. Ka2 Rxe1 36. Rxe1 Qf4 37. Nc3 g5 38. Rg1 e4 39. Bxe4 Qxf2
40. Rxg5 Rxe4 41. Nxe4 Qxc2 42. Nc3 c6 43. Rg4 Qf5 44. Rb4+ Kc7 45. Kb3 a5 46.
Rc4 Kb7 47. Ne4 Kb6 48. a4 Qf3+ 49. Kc2 Qg2+ 50. Nd2 Qg6+ 51. Re4 Qg2 52. Rd4
Kc5 53. Rc4+ Kb6 54. Rc3 Qh2 55. b3 Qg2 56. Kc1 Qh2 57. Rc2 Qg1+ 58. Kb2 Qd4+
59. Ka2 Qd3 60. Nc4+ Ka6 61. Rf2 Qc3 62. Rh2 Kb7 63. Rg2 Ka6 64. Re2 Qd3 65.
Rh2 Qc3 66. Na3 Kb7 67. Rc2 Qd3 68. Rc4 Kb6 69. Kb2 Qe2+ 70. Nc2 Qg2 71. Rc3
Qh2 72. Rf3 Qg2 73. Re3 Qg7+ 74. Kc1 Qg1+ 75. Re1 Qg7 76. Re4 Qc3 77. Re3 Qg7
78. Rd3 Qg6 79. Rc3 Qg2 80. Rc4 Qg1+ 81. Kb2 Qg7+ 82. Ka2 Qg2 83. Ka3 Qf1 84.
Kb2 Qf6+ 85. Rc3 Qf2 86. Re3 Qf6+ 87. Kb1 Qf1+ 88. Re1 Qf6 89. Ne3 Qf3 90. Nc4+
Ka6 91. Re3 Qf1+ 92. Kc2 Qg2+ 93. Kd3 Qf1+ 94. Kd4 Qd1+ 95. Ke5 Qd5+ 96. Kf6
Qd8+ 97. Ke6 Qd5+ 98. Ke7 Qd1 99. Ne5 Qd5 100. Nc4 Qd1 101. Nd6 Qd4 102. Re4
Qd3 103. Kd7 Kb6 104. Rh4 Kc5 105. Rh5+ Kb6 106. Rh8 1/2-1/2

[Event "32. Copenhagen Open (Politiken Cup)"]
[Site "Elsinore"]
[Date "2010.08.04"]
[Round "6"]
[White "Hobber, Anders"]
[Black "Skjoldager, Mikael"]
[Result "1-0"]
[WhiteElo "2135"]
[BlackElo "1978"]
[PlyCount "61"]
[EventDate "2010.07.31"]
[EventType "swiss"]
[EventRounds "10"]
[EventCountry "DEN"]
[Source "ChessBase"]
[SourceDate "2010.09.01"]

1. d4 Nf6 2. Nf3 g6 3. Nc3 d5 4. Bf4 Bg7 5. e3 O-O 6. Be2 a6 7. Ne5 Nbd7 8. h4
Nb6 9. h5 Nfd7 10. hxg6 hxg6 11. Nxd7 Bxd7 12. Bd3 Re8 13. Qf3 e5 14. dxe5 Bxe5
15. Bxe5 Rxe5 16. O-O-O Qg5 17. Rh7 f6 18. Rdh1 Bg4 19. Qf4 Qxf4 20. exf4 Re1+
21. Rxe1 Kxh7 22. Re7+ Kh6 23. Rxc7 Re8 24. Rxb7 Nc4 25. Bxc4 dxc4 26. g3 Bc8
27. Rc7 Be6 28. Ne4 Rf8 29. g4 g5 30. Rc6 Bd5 31. fxg5+ 1-0

[Event "32. Copenhagen Open (Politiken Cup)"]
[Site "Elsinore"]
[Date "2010.08.04"]
[Round "6"]
[White "Hoel, Jorgen"]
[Black "Pallesen, Jacob"]
[Result "1/2-1/2"]
[WhiteElo "1824"]
[BlackElo "2010"]
[PlyCount "105"]
[EventDate "2010.07.31"]
[EventType "swiss"]
[EventRounds "10"]
[EventCountry "DEN"]
[Source "ChessBase"]
[SourceDate "2010.09.01"]

1. d4 f5 2. g3 Nf6 3. Bg2 g6 4. Nf3 Bg7 5. O-O O-O 6. c4 d6 7. Nc3 Na6 8. a3 c5
9. d5 Bd7 10. Rb1 h6 11. Re1 Qe8 12. b4 cxb4 13. axb4 Rc8 14. Qb3 Qf7 15. Be3
Ra8 16. h3 Nh5 17. Bd4 g5 18. Bxg7 Qxg7 19. e3 g4 20. hxg4 Qxg4 21. Nd4 Kh8 22.
Ne6 Rg8 23. Ne2 Rac8 24. Rbc1 Nc7 25. c5 Nxe6 26. dxe6 Bc6 27. Bxc6 Rxc6 28.
Rc4 Qg6 29. Qc3+ Kh7 30. b5 Rxc5 31. Rxc5 dxc5 32. Qxc5 Qxe6 33. Nd4 Qe4 34.
Qxf5+ Qxf5 35. Nxf5 Rg5 36. e4 e6 37. Nd6 Nf6 38. Ra1 a6 39. bxa6 bxa6 40. Rxa6
Rg4 41. e5 Nd5 42. Ne8 Rg6 43. Kh2 h5 44. Kh3 Kh6 45. Rd6 Kg5 46. Ra6 Kf5 47.
f4 Nxf4+ 48. gxf4 Kxf4 49. Nc7 Kxe5 50. Rxe6+ Rxe6 51. Nxe6 Kxe6 52. Kh4 Ke5
53. Kxh5 1/2-1/2

[Event "32. Copenhagen Open (Politiken Cup)"]
[Site "Elsinore"]
[Date "2010.08.04"]
[Round "6"]
[White "Hvenekilde, Jorgen"]
[Black "Aabling Thomsen, Jakob"]
[Result "0-1"]
[WhiteElo "2111"]
[BlackElo "2314"]
[PlyCount "50"]
[EventDate "2010.07.31"]
[EventType "swiss"]
[EventRounds "10"]
[EventCountry "DEN"]
[Source "ChessBase"]
[SourceDate "2010.09.01"]

1. d4 Nf6 2. c4 g6 3. Nf3 Bg7 4. g3 O-O 5. Bg2 d5 6. cxd5 Nxd5 7. O-O Nb6 8. a4
a5 9. Nc3 Nc6 10. Nb5 Nb4 11. e4 c6 12. Nc3 Bg4 13. Be3 Nc4 14. Qe2 Nxe3 15.
fxe3 e5 16. Rad1 exd4 17. exd4 Bxf3 18. Qxf3 Bxd4+ 19. Kh1 Qb6 20. Ne2 Rad8 21.
Nxd4 Rxd4 22. Qf6 Rxd1 23. Rxd1 Qe3 24. h4 Nd3 25. Rf1 Qxg3 0-1

[Event "32. Copenhagen Open (Politiken Cup)"]
[Site "Elsinore"]
[Date "2010.08.04"]
[Round "6"]
[White "Hyldkrog, Lars"]
[Black "Nielsen, Lars Aaes"]
[Result "1/2-1/2"]
[WhiteElo "2044"]
[BlackElo "2279"]
[PlyCount "89"]
[EventDate "2010.07.31"]
[EventType "swiss"]
[EventRounds "10"]
[EventCountry "DEN"]
[Source "ChessBase"]
[SourceDate "2010.09.01"]

1. e4 e6 2. d4 d5 3. Nc3 Bb4 4. e5 b6 5. Qg4 Bf8 6. Nf3 Ba6 7. Bxa6 Nxa6 8. a3
Qd7 9. Bg5 Ne7 10. Bxe7 Qxe7 11. Ne2 O-O-O 12. Nf4 Kb7 13. O-O Nb8 14. b4 Nc6
15. c3 Re8 16. Nd2 f5 17. Qe2 g5 18. Nd3 g4 19. a4 Qg5 20. a5 f4 21. axb6 cxb6
22. Rfb1 f3 23. Nc5+ Bxc5 24. Qa6+ Kc7 25. bxc5 Rb8 26. cxb6+ axb6 27. Rb2 h5
28. Rab1 Rhc8 29. Rxb6 Kd8 30. Rxb8 Rxb8 31. Rxb8+ Nxb8 32. Qb6+ Ke7 33. Qxb8
Qxd2 34. Qd6+ Kf7 35. Qd7+ Kf8 36. Qd8+ Kg7 37. Qe7+ Kh8 38. Qf8+ Kh7 39. Qf7+
Kh6 40. Qxe6+ Kh7 41. Qf7+ Kh6 42. Qf6+ Kh7 43. Qf7+ Kh6 44. Qf6+ Kh7 45. Qf7+
1/2-1/2

[Event "32. Copenhagen Open (Politiken Cup)"]
[Site "Elsinore"]
[Date "2010.08.04"]
[Round "6"]
[White "Jacobsen, Per"]
[Black "Marshall, Michael"]
[Result "1/2-1/2"]
[WhiteElo "1689"]
[BlackElo "1901"]
[PlyCount "85"]
[EventDate "2010.07.31"]
[EventType "swiss"]
[EventRounds "10"]
[EventCountry "DEN"]
[Source "ChessBase"]
[SourceDate "2010.09.01"]

1. b3 d5 2. Bb2 c6 3. e3 Nf6 4. Nf3 Bg4 5. Be2 Nbd7 6. d4 e6 7. Nbd2 Bd6 8. Ne5
Bxe2 9. Qxe2 O-O 10. O-O Qe7 11. Rac1 Rfe8 12. f4 Ne4 13. Ndf3 f6 14. Nxd7 Qxd7
15. c4 Rf8 16. cxd5 exd5 17. Nd2 Rae8 18. Rf3 Nxd2 19. Qxd2 Re4 20. Rcf1 Rfe8
21. Bc1 Qe7 22. Qd3 f5 23. g3 Qf7 24. R1f2 Qh5 25. Qf1 b6 26. Qd3 Qf7 27. Bd2
a5 28. Qc3 Qd7 29. Qd3 g6 30. a4 Be7 31. Qa6 Qc7 32. Qd3 Rd8 33. Qc3 Bf6 34.
Qc2 Qb7 35. Rf1 Rc8 36. Rc1 c5 37. Rf2 c4 38. bxc4 Rxc4 39. Qb2 Rxc1+ 40. Bxc1
Re7 41. Qa2 Rc7 42. Rf1 Qa6 43. Qb3 1/2-1/2